Countries with the most Acid Rain - Statistics

General Stats
  • This quiz has been taken 24 times
  • The average score is 8 of 10
Answer Stats
Rank
Country % Correct
1 China
100%
10 India
100%
2 United States
94%
3 Canada
88%
7 Japan
81%
9 United Kingdom
81%
4 Germany
75%
8 Poland
63%
5 Sweden
63%
6 Norway
56%
No matching quizzes found
Score Distribution
Percent of People with Each Score
Percentile by Number Answered
Your Score History
You have not taken this quiz